[Event "Chess24 Banter Blitz Cup"]
[Site "chess24.com INT"]
[Date "2020.03.25"]
[Round "4.5"]
[White "Firouzja, Alireza"]
[Black "Bluebaum, Matthias"]
[Result "1-0"]
[WhiteTitle "GM"]
[BlackTitle "GM"]
[WhiteElo "2702"]
[BlackElo "2643"]
[WhiteFideId "12573981"]
[BlackFideId "24651516"]
[EventDate "2019.09.25"]
[EventType "blitz"]

1. e4 c6 2. Nc3 d5 3. Qf3 d4 4. Bc4 Nf6 5. Nce2 Nbd7 6. Bb3 e5 7. d3 Nc5 8. Qg3
Nxb3 9. Qxe5+ Qe7 10. Qxe7+ Bxe7 11. axb3 c5 12. Nf3 Bg4 13. b4 cxb4 14. Nfxd4
a6 15. Be3 Rc8 16. f3 Bd7 17. Kd2 O-O 18. c4 bxc3+ 19. bxc3 Ne8 20. Rhb1 Nd6 21.
c4 Rfd8 22. Nc3 Bf6 23. Nd5 Be6 24. Nxf6+ gxf6 25. c5 Nb5 26. Nxb5 axb5 27. Ra3
Ra8 28. Rxa8 Rxa8 29. Rxb5 Ra2+ 30. Kc3 Ra3+ 31. Kc2 Ra7 32. d4 Bc4 33. Rb2 Ra3
34. Bh6 Bd3+ 35. Kd2 Ba6 36. c6 Rd3+ 37. Ke1 1-0

[Event "Chess24 Banter Blitz Cup"]
[Site "chess24.com INT"]
[Date "2020.03.25"]
[Round "4.6"]
[White "Firouzja, Alireza"]
[Black "Bluebaum, Matthias"]
[Result "1-0"]
[WhiteTitle "GM"]
[BlackTitle "GM"]
[WhiteElo "2702"]
[BlackElo "2643"]
[WhiteFideId "12573981"]
[BlackFideId "24651516"]
[EventDate "2019.09.25"]
[EventType "blitz"]

1. e4 e6 2. d4 d5 3. Nc3 Nf6 4. exd5 exd5 5. Bd3 c5 6. Nf3 c4 7. Be2 Bd6 8. O-O
O-O 9. Bg5 Be6 10. Ne5 Nc6 11. f4 Rc8 12. f5 Nxd4 13. Ng4 Nxf5 14. Bxf6 gxf6 15.
Rxf5 Bxf5 16. Nh6+ Kh8 17. Nxf5 d4 18. Ne4 Be5 19. Kh1 Qb6 20. Qd2 Qxb2 21. Rf1
d3 22. Qh6 Rg8 23. Bf3 Rce8 24. Ned6 Bxd6 25. Nxd6 Re7 26. Be4 Rg7 27. Nf5 Rg6
28. Qf8+ Rg8 29. Qxe7 dxc2 30. Bxc2 1-0

[Event "Chess24 Banter Blitz Cup"]
[Site "chess24.com INT"]
[Date "2020.03.25"]
[Round "4.7"]
[White "Bluebaum, Matthias"]
[Black "Firouzja, Alireza"]
[Result "0-1"]
[WhiteTitle "GM"]
[BlackTitle "GM"]
[WhiteElo "2643"]
[BlackElo "2702"]
[WhiteFideId "24651516"]
[BlackFideId "12573981"]
[EventDate "2019.09.25"]
[EventType "blitz"]

1. d4 Nf6 2. c4 e6 3. Nc3 d5 4. cxd5 exd5 5. Bg5 c6 6. e3 Be7 7. Bd3 Nbd7 8.
Nge2 Nf8 9. Qc2 Ne6 10. Bh4 g6 11. O-O Nh5 12. Bxe7 Qxe7 13. Rae1 O-O 14. f3 Qf6
15. Nc1 Bd7 16. Nb3 Rae8 17. Qf2 b6 18. Bb1 Bc8 19. Bd3 Qd8 20. Qd2 f5 21. Rf2
Kh8 22. Bf1 Qh4 23. g3 Qd8 24. Bg2 Nf6 25. Rfe2 Ba6 26. Rf2 Ng5 27. e4 Ne6 28.
exf5 gxf5 29. Bf1 Bxf1 30. Rexf1 f4 31. Re2 Ng5 32. Rxe8 Qxe8 33. Ne2 Qh5 34.
Qd3 fxg3 35. Nxg3 Qh4 36. Qe3 Nh3+ 37. Kh1 Nf4 38. Rg1 Re8 39. Qf2 Nh3 40. Qf1
Nxg1 41. Kxg1 Nh5 42. Qf2 Nf4 43. Qf1 Qg5 44. Kh1 h5 45. Nc1 h4 46. Nge2 Nxe2
47. Nxe2 Kg7 48. f4 Qg4 49. Nc3 h3 50. f5 Re1 51. f6+ Kf7 52. Qxe1 Qg2# 0-1

[Event "Chess24 Banter Blitz Cup"]
[Site "chess24.com INT"]
[Date "2020.03.25"]
[Round "4.8"]
[White "Firouzja, Alireza"]
[Black "Bluebaum, Matthias"]
[Result "1-0"]
[WhiteTitle "GM"]
[BlackTitle "GM"]
[WhiteElo "2702"]
[BlackElo "2643"]
[WhiteFideId "12573981"]
[BlackFideId "24651516"]
[EventDate "2019.09.25"]
[EventType "blitz"]

1. e4 e6 2. d4 d5 3. Nc3 Nf6 4. exd5 exd5 5. Bd3 Bd6 6. Nge2 c6 7. O-O Bg4 8. f3
Bh5 9. Nf4 O-O 10. Nxh5 Nxh5 11. g3 Nd7 12. Ne2 Qc7 13. Kg2 Rae8 14. c3 f5 15.
Bd2 g6 16. Be1 Qd8 17. Bf2 Qf6 18. Qd2 Ng7 19. Rae1 Re7 20. Nc1 Rfe8 21. Rxe7
Rxe7 22. Bc2 Nf8 23. Nd3 Nfe6 24. Re1 Nf8 25. Ne5 Nd7 26. Be3 Ne6 27. Nd3 f4 28.
Bf2 fxg3 29. hxg3 Ng5 30. Bd1 Rxe1 31. Qxe1 Qe6 32. Qxe6+ Nxe6 33. Bb3 Kf7 34.
f4 h5 35. Kf3 Nf6 36. Bc2 g5 37. Ne5+ Kg7 38. Bf5 g4+ 39. Ke2 Nd8 40. Kd3 Ng8
41. c4 Ne7 42. Bd7 dxc4+ 43. Nxc4 Bc7 44. Ne3 Kf6 45. Be1 Nd5 46. Nc4 Ne6 47.
Ne5 Ng7 48. Ke4 Ke7 49. Bc8 Nf6+ 50. Kd3 b6 51. Nxc6+ Kf7 52. Ne5+ Ke7 53. Bb4+
Kd8 54. Ba6 Nf5 55. Be1 Nd6 56. a4 Nd5 57. b4 Ne7 58. Bc4 Ndf5 59. Be6 h4 60.
gxh4 Nh6 61. Nxg4 Nxg4 62. Bxg4 Nd5 63. h5 Nxf4+ 64. Ke4 Ne6 65. Bh4+ Ng5+ 66.
Bxg5+ Ke8 67. h6 Kf8 68. Bh5 Kg8 69. Bf6 Be5 70. Bxe5 Kh7 71. Kf5 Kxh6 72. Bg6
b5 73. Kf6 bxa4 74. Bf4# 1-0

[Event "Chess24 Banter Blitz Cup"]
[Site "chess24.com INT"]
[Date "2020.03.25"]
[Round "4.9"]
[White "Bluebaum, Matthias"]
[Black "Firouzja, Alireza"]
[Result "0-1"]
[WhiteTitle "GM"]
[BlackTitle "GM"]
[WhiteElo "2643"]
[BlackElo "2702"]
[WhiteFideId "24651516"]
[BlackFideId "12573981"]
[EventDate "2019.09.25"]
[EventType "blitz"]

1. d4 Nf6 2. Nf3 d5 3. Bf4 e6 4. e3 Bd6 5. Ne5 O-O 6. Nd2 c5 7. c3 Qc7 8. Bd3
Nc6 9. Ndf3 cxd4 10. exd4 Ne4 11. Bg3 f6 12. Nxc6 bxc6 13. Qe2 Rb8 14. Rb1 Nxg3
15. hxg3 g6 16. c4 e5 17. c5 Be7 18. dxe5 Bxc5 19. O-O Bg4 20. exf6 Rxf6 21. Qe5
Qd8 22. Nd4 Rb4 23. Nb3 Bd6 24. Qc3 Rb8 25. Rbe1 Bb4 26. Re8+ Qxe8 27. Qxf6 Qd7
28. Qf4 Bd6 29. Qd4 Rf8 30. Nc5 Qe7 31. Nb3 Bc8 32. Rc1 Be5 33. Qa4 Qf6 34. f4
Bc7 35. Qxc6 Bb6+ 36. Kh2 Qxc6 37. Rxc6 Bg4 38. a4 Re8 39. a5 Bf2 40. Rc2 Be3
41. Nc5 g5 42. b4 gxf4 43. gxf4 Bxf4+ 44. g3 Be3 45. Be2 Bf5 46. Ra2 d4 47. Bc4+
Kg7 48. Nd3 Be4 49. b5 Rc8 50. Ra4 Rf8 51. b6 Rf1 52. Nf2 Rxf2+ 53. Kh3 h5 54.
Ra2 Bf5+ 55. Kh4 Rxa2 56. Bxa2 axb6 57. a6 Bc8 58. a7 Bb7 59. Bd5 Bxd5 60. a8=Q
Bxa8 61. Kxh5 d3 62. g4 d2 63. g5 d1=Q+ 64. Kh4 Qd4+ 65. Kg3 Qf4+ 66. Kh3 Qf3+
67. Kh4 Bf2# 0-1

[Event "Chess24 Banter Blitz Cup"]
[Site "chess24.com INT"]
[Date "2020.03.25"]
[Round "4.10"]
[White "Firouzja, Alireza"]
[Black "Bluebaum, Matthias"]
[Result "1-0"]
[WhiteTitle "GM"]
[BlackTitle "GM"]
[WhiteElo "2702"]
[BlackElo "2643"]
[WhiteFideId "12573981"]
[BlackFideId "24651516"]
[EventDate "2019.09.25"]
[EventType "blitz"]

1. e4 e6 2. d4 d5 3. Nc3 Nf6 4. exd5 exd5 5. Bd3 Bd6 6. Nge2 c6 7. O-O Bg4 8. f3
Bh5 9. Nf4 O-O 10. Nxh5 Nxh5 11. g3 Qc7 12. Ne2 Nd7 13. Kg2 Rae8 14. c3 f5 15.
Bd2 g6 16. Be1 Rf7 17. Bf2 Rfe7 18. Qd2 Nf8 19. Rae1 Re6 20. Nc1 Qf7 21. Bc2
R6e7 22. Rxe7 Rxe7 23. Nd3 Nd7 24. a4 a5 25. Re1 Ng7 26. Bb3 Rxe1 27. Qxe1 Qe7
28. Qd2 Ne6 29. c4 dxc4 30. Bxc4 Nb6 31. Bb3 Bb4 32. Nxb4 axb4 33. Qe3 Nd5 34.
Qe5 Qd7 35. Be1 Kf7 36. a5 Qc7 37. Qxc7+ Nexc7 38. Bxb4 Kf6 39. Bd6 Nb5 40. Be5+
Ke7 41. Kf2 Nd6 42. Ke2 Nb5 43. Kd3 Kd7 44. g4 fxg4 45. fxg4 Nb4+ 46. Ke4 Nd6+
47. Bxd6 Kxd6 48. g5 Na6 49. Bg8 Ke7 50. Ke5 Nb8 51. Be6 c5 52. d5 c4 53. d6+
Kd8 54. Bd5 Nd7+ 55. Kd4 b5 56. a6 Nb6 57. a7 Kd7 58. a8=Q Nxa8 59. Bxa8 Kxd6
60. Bd5 Kc7 61. Bg8 Kd6 62. Bxh7 b4 63. Bxg6 c3 64. bxc3 b3 65. Bb1 b2 66. g6
Ke7 67. c4 Kf6 68. c5 Kg7 69. c6 Kh6 70. c7 Kg5 71. c8=Q Kf4 72. Qh3 Kg5 73.
Qg3+ Kf6 74. Qe5# 1-0

[Event "Chess24 Banter Blitz Cup"]
[Site "chess24.com INT"]
[Date "2020.04.01"]
[Round "4.1"]
[White "Iturrizaga Bonelli, Eduardo"]
[Black "Abdusattorov, Nodirbek"]
[Result "1/2-1/2"]
[WhiteTitle "GM"]
[BlackTitle "GM"]
[WhiteElo "2629"]
[BlackElo "2608"]
[WhiteFideId "3901211"]
[BlackFideId "14204118"]
[EventDate "2019.09.25"]
[EventType "blitz"]

1. c4 Nf6 2. g3 e6 3. Bg2 d5 4. Nf3 Be7 5. b3 O-O 6. Bb2 c5 7. cxd5 Nxd5 8. d4
cxd4 9. O-O Nc6 10. Nxd4 Bd7 11. Na3 Bf6 12. Nc4 Nxd4 13. Bxd4 Bc6 14. Rc1 Rc8
15. Qd2 Nb6 16. Bxf6 Qxd2 17. Nxd2 Bxg2 18. Kxg2 gxf6 19. Ne4 f5 20. Nd6 Rxc1
21. Rxc1 Rd8 22. Nxb7 Rd2 23. a4 Rxe2 24. Rc7 Nd5 25. Rd7 Nf6 26. Rd8+ Kg7 27.
Nd6 Ng4 28. h3 Nxf2 29. Kf3 Rb2 30. Rd7 Ne4 31. Nxf7 Rxb3+ 32. Kf4 Nc5 33. Rxa7
Nd3+ 34. Kg5 Nc5 35. Ne5+ Kf8 36. Kf6 Ne4+ 37. Kxe6 Rb6+ 38. Kxf5 Nxg3+ 39. Kf4
Rb3 40. Rxh7 Ne2+ 41. Kf5 Ra3 42. Kf6 Kg8 43. Rg7+ Kf8 44. Re7 Kg8 45. Re8+ Kh7
46. Re7+ Kg8 47. h4 Rxa4 48. Re8+ Kh7 49. Re7+ Kg8 50. h5 Nf4 51. Re8+ Kh7 52.
Re7+ Kg8 53. Rg7+ Kf8 54. Ng6+ Nxg6 55. Rf7+ Kg8 56. Rg7+ Kf8 57. Rf7+ Kg8 58.
hxg6 Ra6+ 59. Kg5 Ra5+ 60. Kh6 Ra8 61. Rg7+ Kh8 62. Rh7+ Kg8 63. Rg7+ Kh8 64.
Re7 Kg8 65. Rh7 Rf8 66. Rg7+ Kh8 67. Rd7 Kg8 68. Rh7 Re8 69. Rb7 Kh8 70. Rb6 Kg8
71. Rb5 Kh8 72. Rh5 Kg8 73. Rf5 Kh8 74. Rf7 Kg8 75. Rg7+ Kh8 76. Rh7+ Kg8 77.
Rf7 Kh8 78. Rf6 Kg8 79. Rf7 Kh8 80. Kg5 Kg8 81. Kf6 Rf8 82. Ke7 Rc8 83. Kf6 Rc6+
84. Kg5 Rc8 85. Kh6 Kh8 86. Rh7+ Kg8 87. Re7 Re8 88. Rd7 Kh8 89. Rh7+ Kg8 1/2-1/2

[Event "Chess24 Banter Blitz Cup"]
[Site "chess24.com INT"]
[Date "2020.04.01"]
[Round "4.2"]
[White "Abdusattorov, Nodirbek"]
[Black "Iturrizaga Bonelli, Eduardo"]
[Result "1/2-1/2"]
[WhiteTitle "GM"]
[BlackTitle "GM"]
[WhiteElo "2608"]
[BlackElo "2629"]
[WhiteFideId "14204118"]
[BlackFideId "3901211"]
[EventDate "2019.09.25"]
[EventType "blitz"]

1. e4 c6 2. d4 d5 3. e5 c5 4. dxc5 e6 5. f4 Bxc5 6. Nf3 Ne7 7. Bd3 Nbc6 8. Qe2
a6 9. Be3 Qb6 10. Bxc5 Qxc5 11. Nbd2 Bd7 12. Nb3 Qb6 13. c3 Ng6 14. g3 Rc8 15.
Qf2 Qxf2+ 16. Kxf2 Ke7 17. h4 h6 18. h5 Nf8 19. g4 Rc7 20. Nbd4 Bc8 21. g5 Nd7
22. gxh6 gxh6 23. Rhg1 Nc5 24. Ke3 Bd7 25. Rg7 Rcc8 26. Rag1 Rcf8 27. f5 exf5
28. Bxf5 Nxd4 29. Nxd4 Bxf5 30. Nxf5+ Ke6 31. Nd6 Nd7 32. Nxf7 Rxf7 33. R1g6+
Ke7 34. Rxf7+ Kxf7 35. e6+ Ke7 36. exd7 Kxd7 37. Kd4 Kc7 38. Kxd5 Rd8+ 39. Kc4
Rd2 40. Kb3 Rh2 41. Rxh6 Kb8 42. a4 Ka7 43. Rh8 Kb6 44. h6 Kc7 45. Kc4 Rxb2 46.
Kd5 Rh2 47. Ke6 Kb6 48. Kf6 Ka5 49. Kg7 Rg2+ 50. Kh7 Kxa4 51. Rg8 Rh2 52. Ra8
Kb3 53. Kg7 Kxc3 54. h7 b5 55. Rxa6 Rxh7+ 56. Kxh7 b4 57. Rc6+ Kd2 58. Rb6 Kc3
59. Kg6 b3 60. Kf5 b2 61. Ke4 Kc2 62. Rc6+ Kb3 63. Rb6+ Kc2 64. Rc6+ Kb3 1/2-1/2

[Event "Chess24 Banter Blitz Cup"]
[Site "chess24.com INT"]
[Date "2020.04.01"]
[Round "4.3"]
[White "Iturrizaga Bonelli, Eduardo"]
[Black "Abdusattorov, Nodirbek"]
[Result "1/2-1/2"]
[WhiteTitle "GM"]
[BlackTitle "GM"]
[WhiteElo "2629"]
[BlackElo "2608"]
[WhiteFideId "3901211"]
[BlackFideId "14204118"]
[EventDate "2019.09.25"]
[EventType "blitz"]

1. c4 Nf6 2. g3 e6 3. Bg2 d5 4. Nf3 Be7 5. b3 O-O 6. Bb2 c5 7. cxd5 Nxd5 8. d4
Nc6 9. dxc5 Bxc5 10. O-O Bd7 11. a3 a5 12. Nbd2 Qe7 13. Ne4 Bb6 14. Rc1 Rfd8 15.
Rc2 Be8 16. Qa1 f6 17. Rfc1 Rac8 18. Nc5 Bg6 19. Rc4 Ba7 20. Bh3 Bf7 21. R4c2
Rd6 22. Ne4 Rdd8 23. Nc5 Rd6 24. Ne4 Rdd8 25. Nc5 1/2-1/2

[Event "Chess24 Banter Blitz Cup"]
[Site "chess24.com INT"]
[Date "2020.04.01"]
[Round "4.4"]
[White "Abdusattorov, Nodirbek"]
[Black "Iturrizaga Bonelli, Eduardo"]
[Result "1-0"]
[WhiteTitle "GM"]
[BlackTitle "GM"]
[WhiteElo "2608"]
[BlackElo "2629"]
[WhiteFideId "14204118"]
[BlackFideId "3901211"]
[EventDate "2019.09.25"]
[EventType "blitz"]

1. e4 c5 2. Nf3 g6 3. d4 cxd4 4. Nxd4 Nc6 5. c4 Bg7 6. Be3 Nf6 7. Nc3 O-O 8. Be2
d6 9. O-O Bd7 10. h3 Nxd4 11. Bxd4 Bc6 12. Qc2 a5 13. Rfd1 a4 14. Rac1 Qa5 15.
Nd5 Bxd5 16. cxd5 Nd7 17. Bxg7 Kxg7 18. Qc7 Rfd8 19. Bg4 Qb5 20. Bxd7 Rxd7 21.
Qc3+ Kg8 22. Rd4 Rdd8 23. Rc4 Re8 24. Rc7 Ra6 25. Rc2 Rb6 26. a3 Qb3 27. Qd4 Rb5
28. Rc8 1-0

[Event "Chess24 Banter Blitz Cup"]
[Site "chess24.com INT"]
[Date "2020.04.01"]
[Round "4.5"]
[White "Iturrizaga Bonelli, Eduardo"]
[Black "Abdusattorov, Nodirbek"]
[Result "0-1"]
[WhiteTitle "GM"]
[BlackTitle "GM"]
[WhiteElo "2629"]
[BlackElo "2608"]
[WhiteFideId "3901211"]
[BlackFideId "14204118"]
[EventDate "2019.09.25"]
[EventType "blitz"]

1. c4 Nf6 2. Nf3 e6 3. g3 b6 4. Bg2 Bb7 5. O-O Be7 6. b3 O-O 7. Bb2 c5 8. e3 d5
9. cxd5 Nxd5 10. d4 Nc6 11. Nbd2 cxd4 12. Nxd4 Bf6 13. Ne4 Bxd4 14. Bxd4 Nxd4
15. Qxd4 Qe7 16. Rac1 Rfd8 17. Qe5 f6 18. Qh5 Rac8 19. h4 f5 20. Ng5 h6 21. Nh3
Nf6 22. Qe2 Bxg2 23. Kxg2 e5 24. Rfd1 Rxc1 25. Rxc1 Kh7 26. Qf3 Qd7 27. Rc2 Rc8
28. Rd2 Qc6 29. Ng1 Qxf3+ 30. Nxf3 Ne4 31. Rb2 Rc5 32. b4 Rd5 33. Rc2 g5 34. h5
Kg7 35. Rc7+ Kf6 36. Rc6+ Rd6 37. Rc2 g4 38. Nh4 Kg5 39. f4+ Kf6 40. fxe5+ Kxe5
41. Ng6+ Kf6 42. Nf4 Rd2+ 43. Rxd2 Nxd2 44. Kf2 Ne4+ 45. Kg2 Ke5 46. Ng6+ Kd6
47. a3 Nf6 48. Nh4 Ke6 49. Kf2 Nxh5 50. Ng6 Nf6 51. Nf4+ Ke5 52. Nd3+ Kd5 53.
Nf4+ Kc4 54. Ne6 Ne4+ 55. Kg2 Kd5 56. Ng7 Ke5 57. Nh5 Nd2 58. Nf4 Nc4 59. Kf2
Nxa3 60. Ng6+ Kf6 61. Nf4 Nc2 62. Nd5+ Ke5 63. Nc7 Nxb4 64. Nb5 a5 65. Na3 Nd3+
66. Ke2 Nc5 67. Nc4+ Kf6 68. Nxb6 Ne4 69. Nd5+ Ke5 70. Nf4 Nxg3+ 71. Kd3 Ne4 72.
Ng6+ Kf6 73. Nf4 Kg5 74. Ke2 h5 75. Ne6+ Kf6 76. Nf4 h4 77. Nd5+ Ke5 78. Nf4 h3
79. Kd3 Kf6 80. Ng6 Kg5 81. Nf4 Kh4 82. Nxh3 Kxh3 0-1

[Event "Chess24 Banter Blitz Cup"]
[Site "chess24.com INT"]
[Date "2020.04.01"]
[Round "4.6"]
[White "Abdusattorov, Nodirbek"]
[Black "Iturrizaga Bonelli, Eduardo"]
[Result "1/2-1/2"]
[WhiteTitle "GM"]
[BlackTitle "GM"]
[WhiteElo "2608"]
[BlackElo "2629"]
[WhiteFideId "14204118"]
[BlackFideId "3901211"]
[EventDate "2019.09.25"]
[EventType "blitz"]

1. e4 c6 2. d4 d5 3. e5 Bf5 4. Nf3 e6 5. Be2 Nd7 6. O-O Bb4 7. c4 dxc4 8. Bxc4
Ne7 9. Nc3 O-O 10. Bd2 Nb6 11. Bb3 c5 12. dxc5 Bxc5 13. Rc1 Rc8 14. Re1 Nbd5 15.
Ne4 Bxe4 16. Rxe4 Qb6 17. Qe2 Nf5 18. Rec4 Rc6 19. Ba4 Rc7 20. b4 Nd4 21. Nxd4
Bxd4 22. Rxc7 Nxc7 23. Bb3 h6 24. Be1 Rd8 25. Qc4 Nd5 26. Qe2 Nxb4 27. Rd1 Nc6
28. Ba4 Nxe5 29. Qe4 Ng6 30. Bb3 Ne7 31. g3 f6 32. Bxe6+ Kh8 33. Bb3 f5 34. Qf3
Qf6 35. Qxb7 f4 36. Qe4 fxg3 37. hxg3 Nf5 38. Bc2 g6 39. Kg2 h5 40. Bc3 Bxc3 41.
Rxd8+ Qxd8 42. Qe6 Bf6 43. Bxf5 gxf5 44. Qxf5 h4 45. gxh4 Bxh4 46. Qh5+ Kg7 47.
Qe5+ Qf6 48. Qc7+ Qe7 49. Qc6 Bf6 50. Qf3 Qe5 51. Kf1 Qg5 52. Qb7+ Kh6 53. Qxa7
Qc1+ 54. Ke2 Qg5 55. Qe3 Kg6 56. Qxg5+ Kxg5 57. a4 Bd8 58. Kd3 Ba5 59. Kc4 Kf4
60. Kb5 Bc3 61. Kc6 Bb4 62. Kb5 Bd2 63. Kc4 Kf3 64. Kd3 Be1 65. Kc4 Kxf2 66. Kb5
Ke3 67. Kc4 Ke4 68. Kb5 Kd5 69. a5 Bxa5 1/2-1/2

[Event "Chess24 Banter Blitz Cup"]
[Site "chess24.com INT"]
[Date "2020.04.01"]
[Round "4.7"]
[White "Iturrizaga Bonelli, Eduardo"]
[Black "Abdusattorov, Nodirbek"]
[Result "0-1"]
[WhiteTitle "GM"]
[BlackTitle "GM"]
[WhiteElo "2629"]
[BlackElo "2608"]
[WhiteFideId "3901211"]
[BlackFideId "14204118"]
[EventDate "2019.09.25"]
[EventType "blitz"]

1. c4 e5 2. g3 Nf6 3. Bg2 Nc6 4. Nf3 g6 5. Nc3 Bg7 6. d3 O-O 7. O-O d6 8. Rb1
Be6 9. b4 Qd7 10. b5 Ne7 11. Re1 h6 12. a4 Kh7 13. a5 Ne8 14. Ba3 Rd8 15. Nd2 b6
16. axb6 axb6 17. Bb4 f5 18. Ra1 Nf6 19. Ra7 d5 20. cxd5 Nfxd5 21. Nxd5 Bxd5 22.
Bxd5 Nxd5 23. Bxf8 Rxf8 24. Qb3 f4 25. Ne4 fxg3 26. hxg3 Nf4 27. f3 Ne6 28. Qc4
Rf7 29. Kg2 Bf8 30. Rh1 Kg7 31. e3 Bc5 32. Qc3 Qd5 33. Re1 Ng5 34. Nxg5 hxg5 35.
e4 Qd6 36. Qd2 g4 37. Rf1 Qd4 38. f4 exf4 39. gxf4 Rd7 40. Qe2 Qc3 41. f5 Qxd3
42. Qxd3 Rxd3 43. Rxc7+ Kh6 44. f6 Rd2+ 45. Kg3 Bd6+ 46. Kxg4 Bxc7 47. f7 Bd6
48. f8=Q+ Bxf8 49. Rxf8 Rb2 50. Rh8+ Kg7 51. Rb8 Rxb5 52. Kf4 g5+ 53. Kg4 Kf6
54. Re8 Re5 55. Rf8+ Ke7 56. Rb8 Rxe4+ 57. Kxg5 Re6 58. Kf5 Rh6 59. Rb7+ Kd8 0-1

[Event "Chess24 Banter Blitz Cup"]
[Site "chess24.com INT"]
[Date "2020.04.01"]
[Round "4.10"]
[White "Abdusattorov, Nodirbek"]
[Black "Iturrizaga Bonelli, Eduardo"]
[Result "1-0"]
[WhiteTitle "GM"]
[BlackTitle "GM"]
[WhiteElo "2608"]
[BlackElo "2629"]
[WhiteFideId "14204118"]
[BlackFideId "3901211"]
[EventDate "2019.09.25"]
[EventType "blitz"]

1. c4 Nf6 2. Nc3 b6 3. Nf3 Bb7 4. g3 g6 5. Bg2 Bg7 6. O-O O-O 7. d3 e6 8. b3 d5
9. Bb2 c5 10. e3 Nc6 11. Qe2 Qe7 12. Rfd1 Rfd8 13. Rac1 Rac8 14. h3 h6 15. Kh2
Kh7 16. Rd2 dxc4 17. bxc4 Rd7 18. Rcd1 Qd8 19. a4 Ne8 20. Ne1 Nd6 21. Nc2 Na5
22. Na3 Bxg2 23. Kxg2 Nb3 24. Rc2 a6 25. Rb1 Nb7 26. Ne4 Rxd3 27. Bxg7 Kxg7 28.
Rcb2 N7a5 29. Nc2 f5 30. Ne1 fxe4 31. Nxd3 Qxd3 32. Qg4 Qxc4 33. Rd1 Rc7 34. Qf4
Re7 35. Rd8 1-0

[Event "Chess24 Banter Blitz Cup"]
[Site "chess24.com INT"]
[Date "2020.04.01"]
[Round "4.12"]
[White "Abdusattorov, Nodirbek"]
[Black "Iturrizaga Bonelli, Eduardo"]
[Result "1-0"]
[WhiteTitle "GM"]
[BlackTitle "GM"]
[WhiteElo "2608"]
[BlackElo "2629"]
[WhiteFideId "14204118"]
[BlackFideId "3901211"]
[EventDate "2019.09.25"]
[EventType "blitz"]

1. e4 c6 2. d4 d5 3. exd5 cxd5 4. Bd3 g6 5. Nf3 Bg7 6. c3 Nc6 7. Qc2 Qc7 8. O-O
Nh6 9. Qb3 e6 10. Re1 O-O 11. Nbd2 Nf5 12. Nf1 Nd6 13. Bf4 f6 14. Ng3 Rd8 15.
Rad1 Qf7 16. Bxd6 Rxd6 17. c4 dxc4 18. Qxc4 Rd8 19. Ne4 Bf8 20. Nc5 Bxc5 21.
Qxc5 Qe7 22. Qc3 Qb4 23. Qc1 Kg7 24. Bc4 Qd6 25. d5 exd5 26. Rxd5 Qf8 27. Rxd8
Qxd8 28. Bb5 Bd7 29. Rd1 Qe7 30. Qd2 Be8 31. Re1 Qd8 32. Qe3 Bf7 33. Bxc6 bxc6
34. b3 Qd6 35. h3 Re8 36. Qxa7 Rxe1+ 37. Nxe1 Qd2 38. Nf3 Qc1+ 39. Kh2 Qf4+ 40.
Kh1 Qc1+ 41. Ng1 g5 42. a4 Kg6 43. a5 Bd5 44. f3 h5 45. Qb8 g4 46. hxg4 hxg4 47.
Qg3 f5 48. fxg4 f4 49. Qd3+ Kg7 50. Kh2 Qb2 51. Nf3 1-0

[Event "Chess24 Banter Blitz Cup"]
[Site "chess24.com INT"]
[Date "2020.04.01"]
[Round "4.14"]
[White "Abdusattorov, Nodirbek"]
[Black "Iturrizaga Bonelli, Eduardo"]
[Result "1/2-1/2"]
[WhiteTitle "GM"]
[BlackTitle "GM"]
[WhiteElo "2608"]
[BlackElo "2629"]
[WhiteFideId "14204118"]
[BlackFideId "3901211"]
[EventDate "2019.09.25"]
[EventType "blitz"]

1. e4 c6 2. d4 d5 3. exd5 cxd5 4. Bd3 Nc6 5. c3 Qc7 6. Nf3 Bg4 7. O-O e6 8. Nbd2
Bd6 9. h3 Bh5 10. Re1 Nge7 11. Qc2 Bg6 12. Nf1 O-O 13. Bxg6 Nxg6 14. Qd3 Rab8
15. a4 a6 16. g3 b5 17. axb5 axb5 18. b4 Rfc8 19. Bd2 Nce7 20. h4 h6 21. Ne3
Bxg3 22. h5 Nh4 23. Ng4 Nef5 24. Nfe5 Bxe5 25. Nxe5 f6 26. Nf3 Qc4 27. Re3 Nxe3
28. Qxe3 Nxf3+ 29. Qxf3 Qc7 30. Kh1 Qf7 31. Rg1 Kf8 32. Rg6 Ke7 33. Qg3 Kf8 34.
Qf3 Ke7 35. Qg3 Kf8 36. Qf3 1/2-1/2

[Event "Chess24 Banter Blitz Cup"]
[Site "chess24.com INT"]
[Date "2020.04.04"]
[Round "5.1"]
[White "Sjugirov, Sanan"]
[Black "Robson, Ray"]
[Result "1/2-1/2"]
[WhiteTitle "GM"]
[BlackTitle "GM"]
[WhiteElo "2662"]
[BlackElo "2670"]
[WhiteFideId "4189302"]
[BlackFideId "2023970"]
[EventDate "2019.09.25"]

1. d4 d5 2. Nf3 Nf6 3. Bf4 c5 4. e3 Nc6 5. Nbd2 cxd4 6. exd4 Bf5 7. c3 e6 8. Qb3
Qc8 9. Nh4 Be4 10. Nxe4 Nxe4 11. Nf3 Bd6 12. Bxd6 Nxd6 13. Bd3 O-O 14. Qc2 h6
15. O-O b5 16. a3 a5 17. Rfc1 Rb8 18. Qe2 Qd7 19. b4 Rfc8 20. h4 Qe7 21. g3 Nc4
22. Re1 Ra8 23. Kg2 Ra7 24. Bxc4 bxc4 25. b5 Nb8 26. a4 Nd7 27. Ne5 Nxe5 28.
Qxe5 Qc7 29. Qh5 Qe7 30. Re3 Rb7 31. Qf3 Qf6 32. Qe2 Qg6 33. Re1 Rb6 34. Rf3 Qg4
35. Qe3 Qg6 36. Qd2 Qg4 37. Rf4 Qg6 38. Qe2 f6 39. Rf3 Re8 40. Re3 Qf5 41. h5
Kf7 42. g4 Qg5 43. Rg3 Kg8 44. Rf1 Qf4 45. Re1 e5 46. Kh3 Rbe6 47. Rf3 Qg5 48.
Rf5 exd4 49. Rxg5 Rxe2 50. Rxe2 Rxe2 51. Rxd5 dxc3 52. Rc5 Re4 53. b6 c2 54. b7
c1=Q 55. b8=Q+ Kh7 56. Qg3 Qh1+ 57. Qh2 Qf3+ 58. Qg3 Qh1+ 59. Qh2 Qf3+ 60. Qg3
Qh1+ 1/2-1/2

[Event "Chess24 Banter Blitz Cup"]
[Site "chess24.com INT"]
[Date "2020.04.04"]
[Round "5.2"]
[White "Robson, Ray"]
[Black "Sjugirov, Sanan"]
[Result "0-1"]
[WhiteTitle "GM"]
[BlackTitle "GM"]
[WhiteElo "2670"]
[BlackElo "2662"]
[WhiteFideId "2023970"]
[BlackFideId "4189302"]
[EventDate "2019.09.25"]

1. e4 c5 2. Nf3 d6 3. d4 cxd4 4. Nxd4 Nf6 5. Nc3 a6 6. Be3 e5 7. Nb3 Be6 8. f3
h5 9. Qd2 Nbd7 10. Nd5 Bxd5 11. exd5 Rc8 12. Na5 Qc7 13. c4 e4 14. Be2 exf3 15.
Bxf3 g6 16. O-O Bg7 17. Rac1 O-O 18. b4 Ne5 19. Bd4 Nfd7 20. Be2 b6 21. Nb3 Rfe8
22. Kh1 Qb7 23. a4 Kh7 24. Rc2 Bh6 25. Qd1 f5 26. Bxh5 gxh5 27. Qxh5 Rg8 28.
Rxf5 Rg6 29. Rcf2 Rcg8 30. Rf7+ R8g7 31. Rxg7+ Rxg7 32. h3 Qc8 33. Be3 Rg6 34.
Bxh6 Rxh6 35. Qf5+ Kg7 36. Nd4 Rf6 37. Qg5+ Rg6 38. Qe7+ Kh8 39. Ne6 Qg8 40.
Qh4+ Qh7 41. Qd8+ Qg8 42. Qh4+ Qh7 43. Qd8+ Rg8 44. Nf8 Qb1+ 45. Kh2 Qe4 46. Qe7
Ng4+ 47. hxg4 Qxe7 48. Ng6+ Rxg6 49. Rf3 Kg7 50. Rh3 Qe5+ 51. Rg3 Qb2 52. Kg1
Qc1+ 53. Kh2 Qf4 54. Kh3 Rxg4 55. Kh2 Qxg3+ 56. Kg1 Qxg2# 0-1